000 00608nam a22002417a 4500
003 UA-OsUOA
001 31630
007 ta
008 20050110b un ||||| |||| 00| 0 ukr d
090 _a94(47+57)
_bИ90
942 _cBK
040 _aUA-OsUOA
_brus
_cUA-OsUOA
_dUA-OsUOA
245 _aИсторические записи
_cРед. А. С.Сидоров
300 _a337 с.
955 _a0
041 _arus
080 _a94(47+57)
260 _aМосква
_bИзд-во Академии Наук СССР
_c1954
246 3 1 _aТ. 46
_n
044 _aRU
650 7 _2UDC
999 _c318059
_d318059